| 000 | 01063nam a2200325 a 4500 | ||
|---|---|---|---|
| 999 |
_c6895 _d6895 |
||
| 001 | 6895 | ||
| 003 | BD-JhCC | ||
| 005 | 20180422091524.0 | ||
| 008 | 180131s18961881nyu 001 0 eng d | ||
| 035 | _a(BD-JhCC)6895 | ||
| 040 |
_aBD-JhCC _cNHM _dBD-JhCC _dEQO |
||
| 041 | 1 |
_aeng _hger |
|
| 082 |
_a193 _bIMM 1973 |
||
| 090 |
_aB2778.E5 _bM85 |
||
| 245 | 1 | 0 |
_aImmanuel Kant's Critique of pure reason / _cin commemoration of the centenary of its first publication, tr. into English by F. Max Müller. |
| 260 |
_aNew York : _bMacmillan, _c1896. |
||
| 300 |
_a681 p. ; _c23 cm. |
||
| 500 | _a"First edition printed 1881; reprinted with alterations, 1896." | ||
| 500 | _aIncludes the translator's prefaces | ||
| 500 | _aTranslation of Kritik der reinen Vernunft | ||
| 504 | _aIncludes Index | ||
| 650 | 0 | _aCausation | |
| 650 | 0 | _aKnowledge, Theory of | |
| 650 | 0 | _aReason | |
| 700 | 1 |
_aMüller, F. Max _q(Friedrich Max), _d1823-1900. |
|
| 700 | 1 |
_aKant, Immanuel, _d1724-1804. |
|
| 740 | 0 | _aCritique of pure reason | |
| 942 |
_2ddc _cBK |
||